| 000 | 00597nam a2200193Ia 4500 | ||
|---|---|---|---|
| 003 | GCL | ||
| 008 | 140319s9999 xx 000 0 ara d | ||
| 020 | _a213317977 | ||
| 040 |
_aGCL / _cGCL |
||
| 082 | 0 | 4 |
_a791.43 _bا ى |
| 100 | 1 | _aاحمد رافت بهجت | |
| 245 | 1 | 0 |
_aاليهود والسينما فى مصر / _cاحمد رافت بهجت |
| 260 |
_aالقاهرة : _bالمؤلف ، _c2005 |
||
| 300 |
_a300 ص ؛ _c24 سم |
||
| 650 | 0 | 4 | _aاليهود فى السينما |
| 650 | 0 | 4 | _aالسينما - مصر |
| 650 | 0 | 4 | _aالسينما - استديوهات |
| 942 |
_2ddc _cBK |
||
| 999 |
_c8559 _d8559 |
||